<?xml version="1.0" encoding="UTF-8"?>
<record
    xmlns:xsi="http://www.w3.org/2001/XMLSchema-instance"
    xsi:schemaLocation="http://www.loc.gov/MARC21/slim http://www.loc.gov/standards/marcxml/schema/MARC21slim.xsd"
    xmlns="http://www.loc.gov/MARC21/slim">

  <leader>00591nam a22002057a 4500</leader>
  <datafield tag="999" ind1=" " ind2=" ">
    <subfield code="c">159108</subfield>
    <subfield code="d">159108</subfield>
  </datafield>
  <controlfield tag="003">dpl</controlfield>
  <controlfield tag="005">20190228143244.0</controlfield>
  <controlfield tag="008">181203b           ||||| |||| 00| 0 eng d</controlfield>
  <datafield tag="010" ind1=" " ind2=" ">
    <subfield code="a">b-214918</subfield>
  </datafield>
  <datafield tag="020" ind1=" " ind2=" ">
    <subfield code="a">0140120491, 9780140120493</subfield>
    <subfield code="c">295.00</subfield>
  </datafield>
  <datafield tag="035" ind1=" " ind2=" ">
    <subfield code="a">b-214918,B-214930</subfield>
  </datafield>
  <datafield tag="040" ind1=" " ind2=" ">
    <subfield code="a">DPL</subfield>
    <subfield code="b">ENG</subfield>
    <subfield code="c">0</subfield>
  </datafield>
  <datafield tag="082" ind1=" " ind2=" ">
    <subfield code="a">N</subfield>
    <subfield code="b">THA</subfield>
  </datafield>
  <datafield tag="100" ind1=" " ind2=" ">
    <subfield code="a">Tharoor, shashi</subfield>
  </datafield>
  <datafield tag="245" ind1=" " ind2=" ">
    <subfield code="a">The great Indian novel</subfield>
    <subfield code="c">Shashi tharoor</subfield>
    <subfield code="h">ENG</subfield>
  </datafield>
  <datafield tag="260" ind1=" " ind2=" ">
    <subfield code="a">New Delhi</subfield>
    <subfield code="b">Penguin group</subfield>
    <subfield code="c">1989</subfield>
  </datafield>
  <datafield tag="270" ind1=" " ind2=" ">
    <subfield code="a">11, community centre panchsheel park </subfield>
    <subfield code="b">new delhi</subfield>
    <subfield code="e">110017</subfield>
  </datafield>
  <datafield tag="300" ind1=" " ind2=" ">
    <subfield code="a">423p.</subfield>
    <subfield code="c">20cm;</subfield>
  </datafield>
  <datafield tag="942" ind1=" " ind2=" ">
    <subfield code="2">ddc</subfield>
    <subfield code="c">EN</subfield>
    <subfield code="h">N</subfield>
    <subfield code="m">THA</subfield>
  </datafield>
  <datafield tag="952" ind1=" " ind2=" ">
    <subfield code="0">0</subfield>
    <subfield code="1">0</subfield>
    <subfield code="2">ddc</subfield>
    <subfield code="4">0</subfield>
    <subfield code="7">0</subfield>
    <subfield code="a">BL1</subfield>
    <subfield code="b">BL1</subfield>
    <subfield code="d">2018-12-03</subfield>
    <subfield code="g">295.00</subfield>
    <subfield code="l">0</subfield>
    <subfield code="o">N THA</subfield>
    <subfield code="p">b-214918</subfield>
    <subfield code="r">2018-12-03 00:00:00</subfield>
    <subfield code="v">295.00</subfield>
    <subfield code="w">2018-12-03</subfield>
    <subfield code="y">EN</subfield>
  </datafield>
  <datafield tag="952" ind1=" " ind2=" ">
    <subfield code="0">0</subfield>
    <subfield code="1">0</subfield>
    <subfield code="2">ddc</subfield>
    <subfield code="4">0</subfield>
    <subfield code="7">0</subfield>
    <subfield code="8">FIC</subfield>
    <subfield code="a">ZLS</subfield>
    <subfield code="b">ZLS</subfield>
    <subfield code="d">2018-12-20</subfield>
    <subfield code="l">8</subfield>
    <subfield code="m">10</subfield>
    <subfield code="o">N THA</subfield>
    <subfield code="p">B-214919</subfield>
    <subfield code="r">2022-11-25 00:00:00</subfield>
    <subfield code="s">2022-10-07</subfield>
    <subfield code="w">2018-12-20</subfield>
    <subfield code="y">EN</subfield>
  </datafield>
  <datafield tag="952" ind1=" " ind2=" ">
    <subfield code="0">0</subfield>
    <subfield code="1">0</subfield>
    <subfield code="2">ddc</subfield>
    <subfield code="4">0</subfield>
    <subfield code="7">0</subfield>
    <subfield code="8">FIC</subfield>
    <subfield code="a">VV</subfield>
    <subfield code="b">VV</subfield>
    <subfield code="d">2019-02-28</subfield>
    <subfield code="e">BPPD/PUB</subfield>
    <subfield code="g">295.00</subfield>
    <subfield code="l">0</subfield>
    <subfield code="o">N THA</subfield>
    <subfield code="p">B-214930</subfield>
    <subfield code="r">2019-02-28 00:00:00</subfield>
    <subfield code="v">295.00</subfield>
    <subfield code="w">2019-02-28</subfield>
    <subfield code="y">EN</subfield>
  </datafield>
  <datafield tag="952" ind1=" " ind2=" ">
    <subfield code="0">0</subfield>
    <subfield code="1">0</subfield>
    <subfield code="2">ddc</subfield>
    <subfield code="4">0</subfield>
    <subfield code="7">0</subfield>
    <subfield code="8">FIC</subfield>
    <subfield code="a">RKP</subfield>
    <subfield code="b">RKP</subfield>
    <subfield code="d">2019-05-17</subfield>
    <subfield code="g">295.00</subfield>
    <subfield code="l">3</subfield>
    <subfield code="m">2</subfield>
    <subfield code="o">N THA</subfield>
    <subfield code="p">B-214920</subfield>
    <subfield code="r">2022-05-09 00:00:00</subfield>
    <subfield code="s">2022-04-26</subfield>
    <subfield code="t">1</subfield>
    <subfield code="v">295.00</subfield>
    <subfield code="w">2019-05-17</subfield>
    <subfield code="y">EN</subfield>
  </datafield>
  <datafield tag="952" ind1=" " ind2=" ">
    <subfield code="0">0</subfield>
    <subfield code="1">0</subfield>
    <subfield code="2">ddc</subfield>
    <subfield code="4">0</subfield>
    <subfield code="7">0</subfield>
    <subfield code="8">FIC</subfield>
    <subfield code="a">YV</subfield>
    <subfield code="b">YV</subfield>
    <subfield code="d">2019-10-03</subfield>
    <subfield code="e">BPPD/PUB</subfield>
    <subfield code="g">295.00</subfield>
    <subfield code="l">0</subfield>
    <subfield code="o">N THA</subfield>
    <subfield code="p">B-214929</subfield>
    <subfield code="r">2019-10-03 00:00:00</subfield>
    <subfield code="v">295.00</subfield>
    <subfield code="w">2019-10-03</subfield>
    <subfield code="y">EN</subfield>
  </datafield>
</record>
